000 00790nam a2200217Ii 4500
003 JO-AjNU
008 230605s9999||||xx |||||||||||||| ||und||
020 _a9953-438-41-2
040 _aJO-AjNU
_bara
_erda
_cJO-AjNU
041 _aara
050 1 4 _aHB501.A28 2004
100 3 _aابو دية، ايوب,
_eauthor
_947751
245 0 0 _aتنمية التخلف العربي في ظلال سمير امين
250 _aط1
264 3 1 _aبيروت: دار الفارابي ، 2004
300 _a168ص
336 _atext
_btxt
_2rdacontent
337 _aunmediated
_bn
_2rdamedia
338 _avolume
_bnc
_2rdacarrier
650 4 _aالتخلف الاقتصادي - البلاد العربية- احوال اقتصادية - سمير امين - اراء حول الاقتصاد
_947752
999 _aA20867
_c24435
_d24435